Fr. Conceicao Rodrigues College of Engineering

Note of office Procedure (Record no. 30305)

MARC details
000 -LEADER
fixed length control field 00354nam a2200145Ia 4500
082 ## - DEWEY DECIMAL CLASSIFICATION NUMBER
Classification number 354.54001
100 ## - MAIN ENTRY--PERSONAL NAME
Personal name Minister of home affairs/new delhi
245 ## - TITLE STATEMENT
Title Note of office Procedure
260 ## - PUBLICATION, DISTRIBUTION, ETC.
Name of publisher, distributor, etc. antroller of publication civil links
Place of publication, distribution, etc. Delhi
Date of publication, distribution, etc. 1980
300 ## - PHYSICAL DESCRIPTION
Extent 268
490 ## - SERIES STATEMENT
Volume/sequential designation 1
546 ## - LANGUAGE NOTE
Language note ENGLISH
654 ## - SUBJECT ADDED ENTRY--FACETED TOPICAL TERMS
Focus term Office Procedure
942 ## - ADDED ENTRY ELEMENTS (KOHA)
Koha item type BOOK
Holdings
Withdrawn status Lost status Damaged status Not for loan Collection Home library Current library Shelving location Date acquired Source of acquisition Cost, normal purchase price Inventory number Total Checkouts Full call number Barcode Date last seen Cost, replacement price Price effective from Koha item type
        AFT Fr. Agnel's C.Rodrigues College of Engineering Fr. Agnel's C.Rodrigues College of Engineering   17/03/2023 JAIN BOOK DEPOT 19.05 8399   354.54001 AFT3469 17/03/2023 19.05 17/03/2023 BOOK